000 00281nam a22001337a 4500
008 181210b xxu||||| |||| 00| 0 eng d
020 _a0131416065
041 _aeng
080 _a510
100 _a37
101 _aMAT
245 _aCollege Algebra
_cWalter.F
942 _2udc
_cBK
999 _c53118
_d53118